| 000 | 01264nam a22003017i 4500 | ||
|---|---|---|---|
| 999 |
_c23081 _d23081 |
||
| 003 | AR-CdUCM | ||
| 008 | 240923b20232023 pe||||| |||| 00| 0 spa d | ||
| 040 |
_aMUNICIPALIDAD PROVINCIAL DEL CUSCO _cBIBLIOTECA MUNICIPAL DEL CUSCO |
||
| 041 | _hspa | ||
| 082 |
_a636.93592 / D68 _bD68 |
||
| 100 |
_aDiaz Barrientos, Arístides Liberato _950690 |
||
| 245 | _aManual de manejo de Cuyes / | ||
| 260 |
_aCusco : _bAsociación Jesús Obrero- CCAIJO _c2023 |
||
| 300 |
_a39 páginas. : _c30 cm |
||
| 505 | _aInstalaciones para la crianza de cuyes -- Para construir un galpón se deben tomar en cuenta los siguientes aspectos -- Construcción e instalación de pozas -- Equipos necesarios para el manejo del galpón de cuyes -- Construcción de estercolero -- Manejo reproductivo -- Manejo de cuyes en diferentes etapas -- Recría o crecimiento -- Manejo de registros | ||
| 650 |
_aCuyes _944342 |
||
| 650 |
_aConstrucción _94996 |
||
| 650 |
_aGalpón _950640 |
||
| 650 |
_aTemperatura _93339 |
||
| 650 |
_aRecría _950641 |
||
| 650 |
_aEmpadre _950521 |
||
| 650 |
_aSecadero _950642 |
||
| 700 |
_aSumire Higuera, Michael _950691 |
||
| 700 |
_aCueva Vargas, Mercedes _950692 |
||
| 856 | _fwww.ccaijo.org.pe | ||
| 942 |
_2ddc _cLIBROS |
||
| 945 |
_apbj _d2024-09-23 |
||